Loreto College Library, Kolkata
WEBOPAC (ONLINE PUBLIC ACCESS CATALOGUE)

Human trafficking and slavery reconsidered (Record no. 42665)

MARC details
000 -LEADER
fixed length control field 00684nam a22002177a 4500
005 - DATE AND TIME OF LATEST TRANSACTION
control field 20200312134021.0
008 - FIXED-LENGTH DATA ELEMENTS--GENERAL INFORMATION
fixed length control field 200312b xxu||||| |||| 00| 0 eng d
020 ## - ISBN | অাই এস বি এন
ISBN | অাই এস বি এন 9781316614778
PRICE GBP 29.99
040 ## - CATALOGING SOURCE
Language of cataloging eng
041 ## - LANGUAGE CODE
Language code English
082 ## - DDC | ডিউই
Classification number | বর্গসংখ্যা 364.15
Book Number | গ্রন্থাঙ্ক STO
100 ## - MAIN ENTRY--PERSONAL NAME | মুখ্য সংলেখ - ব্যাক্তিনাম
Personal name | ব্যাক্তিনাম Stoyanova, Vladislava
245 ## - TITLE STATEMENT | অাখ্যা বিবরণী
Title | অাখ্যা Human trafficking and slavery reconsidered
Sub title | উপঅাখ্যা Conceptual limits and States' positive obligations in European Law
Statement of responsibility | লেখকের দায়িত্বের বিবরণ Vladislava Stoyanova
260 ## - IMPRINT | প্রকাশনা ক্ষেত্র
Place of publication | প্রকাশ স্থান Cambridge
Name of publisher | প্রকাশকের নাম Cambridge University Press
Date of publication | প্রকাশ কাল 2017
300 ## - PHYSICAL DESCRIPTION |
Page / Vol. No | পৃষ্ঠা / খন্ড সংখ্যা xxxiv,478p
Other physical details | অনান্য বাহ্যিক বিবরণ 24 cm
504 ## - BIBLIOGRAPHY, ETC. NOTE
Bibliography, etc Includes bibliography and index
650 ## - SUBJECT ADDED ENTRY--TOPICAL TERM | বিষয় শিরোনাম - মূল বিষয়
Topical term | মূল বিষয় Human trafficking
Form subdivision | রুপগত বিভাগ Laws
650 ## - SUBJECT ADDED ENTRY--TOPICAL TERM | বিষয় শিরোনাম - মূল বিষয়
Topical term | মূল বিষয় Slavery
850 ## - HOLDING INSTITUTION
Holding institution LCLIB
942 ## - ADDED ENTRY ELEMENTS (KOHA)
Koha item type Books
Holdings
Withdrawn status Lost status Source of classification Damaged status Not for loan Home library Current library Date acquired Price Total Checkouts Full call number Accession No. Date last seen Price effective from Koha item type
    Dewey Decimal Classification     Loreto College Loreto College 12/03/2020 29.99   364.15 STO 53744 46687 12/03/2020 12/03/2020 Books